| 000 | 00418nam a2200145Ia 4500 | ||
|---|---|---|---|
| 008 | 151213s9999 xx 000 0 und d | ||
| 100 | _aPhilip Kottler & Gray Armstrong | ||
| 245 |
_aPrinciples of marketing _cPhilip Kottler & Gray Armstrong |
||
| 260 |
_aDelhi _bPerson Education _c2004 |
||
| 300 | _a1830 p. | ||
| 650 | _aMarketing | ||
| 650 | _aMarketing | ||
| 700 | _aPhilip Kottler & Gray Armstrong | ||
| 999 |
_c1345 _d1345 |
||